Expanzia sa minulý rok zastavila

V uplynulom roku došlo v Česku k výraznejšiemu pribrzdeniu v expanzii obchodných centier. Táto skutočnosť bola spozorovaná u všetkých aktérov trhu - u investorov, developerov, prevádzkovateľov, obchodníkov, ale aj u zákazníkov. Zmeny v zameraní centier.

Saved in:
Bibliographic Details
Format: Book Chapter
Language:Slovak
Subjects:
Tags: Add Tag
No Tags, Be the first to tag this record!

MARC

LEADER 00000naa$a2200000$$$4500
001 0111776
005 20231128094559.6
041 0 |a slo 
044 |a SK 
245 1 0 |a Expanzia sa minulý rok zastavila 
520 |a V uplynulom roku došlo v Česku k výraznejšiemu pribrzdeniu v expanzii obchodných centier. Táto skutočnosť bola spozorovaná u všetkých aktérov trhu - u investorov, developerov, prevádzkovateľov, obchodníkov, ale aj u zákazníkov. Zmeny v zameraní centier. 
610 2 0 |a centrá obchodné 
610 2 0 |a Česko 
610 2 0 |a 2009